000 00502nam a2200193Ia 4500
003 OSt
005 20221007083106.0
006 a|||||r|||| 00| 0
007 ta
008 221006b |||||||| |||| 00| 0 eng d
024 _a23,308
037 _cDissertations
040 _aFLL
_cFLL
_beng
041 _2eng
_aeng
100 _aSabharwal R.K.
_9566104
245 0 _aProblem of conversion in marriage and divorce in India
942 _cDIS
_2CC
999 _c1168790
_d1168790